00612 2200193 4500001002100000005001800021008004100039035002400080090001100104100001800115245008200133250001100215260005700226300002600283650002300309700005600332850001500388999001500403YOGYA-0211000000512320110210101105662 ind  0010-021100000005123 a345.05 aSumartini, L. aPembahasan perkembangan pembangunan hukum nasional tentang hukum acara pidana aCet. 1 aJakartabBadan Pembinaan Hukum Nasional Dekeh.c1996 aviii, 149 hlm.;21 cm. aHukum acara pidana aSiampar, Nursalam;Sri Fatimah;Simorangkir, Theodrik aYOPDYOG[B] a01A0004636